|
|
|
|
| LEADER |
00654nab a2200181 i 4500 |
| 001 |
acta29117 |
| 005 |
20210219132056.0 |
| 008 |
161017s2012 hu o 0|| hun d |
| 022 |
|
|
|a 2063-3734
|
| 040 |
|
|
|a SZTE Egyetemi Kiadványok Repozitórium
|b hun
|
| 041 |
|
|
|a hun
|
| 100 |
1 |
|
|a Füle Sándor
|
| 245 |
1 |
3 |
|a Az egész napos nevelés átfogó pedagógiája az új köznevelési törvény tükrében
|h [elektronikus dokumentum] /
|c Füle Sándor
|
| 260 |
|
|
|c 2012
|
| 300 |
|
|
|a 0-13
|
| 490 |
0 |
|
|a Módszertani közlemények
|v 52 No. 3
|
| 695 |
|
|
|a Neveléstudomány
|
| 856 |
4 |
0 |
|u http://acta.bibl.u-szeged.hu/29117/1/modszertani_052_003_000-013.pdf
|z Dokumentum-elérés
|